Fortnite Vehicles by Picture - Statistics

General Stats
  • This quiz has been taken 49 times
  • The average score is 10 of 30
Answer Stats
Picture Answer % Correct
Shopping Cart
92%
Driftboard
77%
Pirate Cannon
74%
Taxi
74%
Titan Tank
64%
Quadcrasher
59%
The Baller
56%
Octane
51%
Rogue Bike
46%
Victory Motors Whiplash
44%
All Terrain Kart (ATK)
38%
X-4 Stormwing
33%
B.R.U.T.E.
31%
Motorboat
31%
Armored Battle Bus
28%
TMNT Driftboard
28%
Choppa
26%
Titano Mudflap
21%
Armored Truck
18%
Islander Prevalent
15%
Nitro Fang
13%
OG Bear
13%
Saucer
13%
War Bus
13%
Nitro Drifter
10%
Salvaged B.R.U.T.E.
10%
Behemoth
8%
Grandeur Trailsmasher
8%
Lockjaw
8%
Trail Thrasher
8%
No matching quizzes found
Score Distribution
Percent of People with Each Score
Percentile by Number Answered
Your Score History
You have not taken this quiz